La casa de verano /

Gespeichert in:
Bibliographische Detailangaben
1. Verfasser: Gómez Cerdá, Alfredo (autor)
Format: Buch
Sprache:Spanisch
Veröffentlicht: Madrid, España : SM, 2003, c1985
Ausgabe:16a edición
Schriftenreihe:(Gran Angular ; 56E)
Schlagworte:
Tags: Tag hinzufügen
Keine Tags, Fügen Sie das erste Tag hinzu!

MARC

LEADER 00000nam^a2200000^a^4500
001 000376397
005 20250521000000.0
009 20260526142554.457
020 |a 84-348-1755-1 
037 |a Acervo ITESO - Biblioteca 
041 |a ESP 
082 |a 808. 899282  |b ANG V. 56 
100 |a Gómez Cerdá, Alfredo  |e (autor) 
245 1 3 |a La casa de verano /  |c A. Gómez Cerdá 
250 |a 16a edición 
264 4 |a Madrid, España :  |b SM,  |c 2003, c1985 
300 |a 178 p. 
336 |a texto  |b txt  |2 rdacontenido 
337 |a sin mediación  |b n  |2 rdamedio 
338 |a volumen  |b nc  |2 rdasoporte 
440 1 |a (Gran Angular ;  |v 56E) 
649 |a XX 
650 |a Novela Española 
650 |a Literatura Española -  |y Siglo XX 
650 |a Literatura Juvenil -  |z España 
910 |a Fondo General 
920 |a Impresos - Libros 
930 |a Colección General 
940 |a Literatura 
905 |a 101 
901 |a 0500270873  |b IT1  |c LIT  |i D76726  |u 20250521 
901 |a 0500274226  |b IT1  |c LIT  |u 20250521 
902 |a https://opac.biblio.iteso.mx/vufind/Record/000376397